000
00327nam a22001337a 4500
008
170627b xxu||||| |||| 00| 0 eng d
020
_a
2901563086242
041
_a
eng
080
_2
3 ED
_a
5
100
_a
21
101
_a
GJL
245
_a
REFERENCE AND INFORMATION SERVICES AN INTRODUCTION
_c
BOPP.R.E
942
_2
udc
_c
BK
999
_c
19245
_d
19245